Lina Bo Bardi (Record no. 12811)

000 -LEADER
fixed length control field 00390 a2200157 4500
003 - CONTROL NUMBER IDENTIFIER
control field OSt
005 - DATE AND TIME OF LATEST TRANSACTION
control field 20240703135128.0
008 - FIXED-LENGTH DATA ELEMENTS--GENERAL INFORMATION
fixed length control field 240703b ||||| |||| 00| 0 eng d
020 ## - INTERNATIONAL STANDARD BOOK NUMBER
International Standard Book Number 9780300244229
082 ## - DEWEY DECIMAL CLASSIFICATION NUMBER
Classification number [720.92 LIM]
100 ## - MAIN ENTRY--PERSONAL NAME
Personal name Zeuler R. M. de A. Lima and Barry Bergdoll
245 ## - TITLE STATEMENT
Title Lina Bo Bardi
260 ## - PUBLICATION, DISTRIBUTION, ETC. (IMPRINT)
Name of publisher, distributor, etc Yale University Press
Date of publication, distribution, etc 2013
300 ## - PHYSICAL DESCRIPTION
Extent 239p;
942 ## - ADDED ENTRY ELEMENTS (KOHA)
Source of classification or shelving scheme
Holdings
Withdrawn status Lost status Source of classification or shelving scheme Damaged status Koha normalized classification for sorting Not for loan Permanent location Current location Date acquired Source of acquisition Cost, normal purchase price Full call number Barcode Date last seen Cost, replacement price Price effective from Koha item type
        720_92_000000000000000_LIM   BMS College of Architecture, Design and Planning BMS College of Architecture, Design and Planning 2024-07-03 1 3236.25 [720.92 LIM] AR-UG4023 2024-07-03 4315.00 2024-07-03 B.PLAN
Copyright © 2025, The Librarian, Library and Information Centre, BMSCA D&P, Bengaluru. All Rights Reserved
web counter

Powered by Koha